000 00450nam a22001577a 4500
003 OSt
005 20150912120418.0
008 150912b xxu||||| |||| 00| 0 eng d
040 _cRUA
082 _aAGR HEN 1996 BOO17 Or.1
100 _9315
_aHENG, CHHUN HY
245 _aRice brown plant hopper, ( មមាចត្តោតលើដំណាំស្រូវ)
260 _aphnom phen
_bRUA
_c1996
300 _a87p.
_bill.
_c29cm.
942 _2ddc
_cAGR
999 _c295
_d295